Les 3 pays les plus proches du Brésil pour chaque continent - Statistiques

Statistiques générales
  • Ce quiz a été pris 146 fois
    114 depuis la dernière actualisation
  • Le résultat moyen est 6 sur 15
Statistiques - réponses
Distance estimé en Km Réponse % Correct
6390 France
95%
5530 Espagne
90%
5450 Portugal
90%
550 Trinité et Tobago
51%
760 Grenade
43%
2990 Liberia
40%
2915 Guinée
37%
880 Saint Vincent et les grenadines
35%
2860 Sierra leone
35%
8000 Turquie
29%
11460 Fidji
22%
8350 Chypre
16%
10860 Tonga
15%
8360 Arabie Saoudite
12%
10640 Samoa
12%
Aucun quiz correspondant
Distribution des résultats
% des personnes avec chaque résultat
Percentile par nombre de réponses
Votre historique - résultats
Vous n’avez pas pris ce quiz depuis la dernière actualisation